| 000 | 00541nam a2200193Ia 4500 | ||
|---|---|---|---|
| 005 | 20250326144738.0 | ||
| 008 | 250326s9999 xx 000 0 und d | ||
| 037 | _aTextbook | ||
| 040 |
_aFMSL _beng _cFMSL |
||
| 041 |
_aeng _2eng |
||
| 084 |
_aX:92 P6 _qFMSL |
||
| 100 |
_aHowell M T _9750049 |
||
| 245 | 0 |
_aActionable performance measurement : a key to success _cHowell M T |
|
| 260 |
_aNew Delhi _bNew Delhi, Pearson _c2006 |
||
| 365 | _b295 | ||
| 650 | _aManagement | ||
| 942 |
_cTB _hX:92 P6 |
||
| 999 |
_c1304858 _d1304858 |
||